Stereodivergentná syntéza konformačne obmedzených analógov homofenylalanínu bakalárska práca

Na minha lista:
Detalhes bibliográficos
Autor principal: Čierna, Michaela
Formato: Livro
Idioma:eslovaco
Publicado em: Bratislava STU FCHPT 2018
Acesso em linha:View in OPAC
Tags: Adicionar Tag
Sem tags, seja o primeiro a adicionar uma tag!

MARC

LEADER 00000nam a2200000 a 4500
005 20260127134041.0
008 181031 2018 xo a 001 0 slo d
035 |a vtls011788489 
039 9 |y 201810311219  |z mschk03 
040 |a STUSCHK1  |b slo  |c STUSCHK1  |e AACR2 
100 1 |a Čierna, Michaela 
245 1 |a Stereodivergentná syntéza konformačne obmedzených analógov homofenylalanínu  |b bakalárska práca  |c Michaela Čierna 
260 |a Bratislava  |b STU FCHPT  |c 2018 
300 |a 53 s.  |b il.  |c 25 cm 
500 |a Študijný program: chémia, medicínska chémia a chemické materiály 
500 |a Študijný odbor: chémia, chemické technológie 
500 |a Školiace pracovisko: Oddelenie organickej chémie 
500 |a Evid. číslo: FCHPT-13569-81899 
910 |a SCHK95 
999 |c 2923  |d 2923